|
|
|
|
| LEADER |
00000nab a2200000 a 4500 |
| 001 |
vtls008161711 |
| 003 |
SK-MaSNL |
| 005 |
20260305040840.0 |
| 008 |
050621c2004 xo mr|p|||||||000 b|slo |
| 015 |
|
|
|a PPPK2004
|2 pppkcl
|
| 038 |
|
|
|a PPPK
|
| 040 |
|
|
|a PPPKCL
|b slo
|c PPPKCL
|e AACR2
|
| 041 |
0 |
|
|a slo
|
| 044 |
|
|
|a xo
|c SK
|
| 080 |
|
|
|a 94(437.67)
|2 UDC-MRF-SK2
|
| 080 |
|
|
|a 726.3
|2 UDC-MRF-SK2
|
| 100 |
1 |
|
|a Minďáš, Emil
|4 aut
|9 398784
|
| 245 |
1 |
0 |
|a Synagóga v Podhradí
|c Emil Minďáš
|
| 650 |
0 |
7 |
|a synagógy
|2 pppkcl
|9 3020
|
| 651 |
|
7 |
|a Spišské Podhradie (Slovensko)
|2 pppkcl
|9 26697
|
| 651 |
|
7 |
|a Levoča (Slovensko : okres)
|2 pppkcl
|9 30131
|
| 773 |
0 |
|
|t Verejná správa
|g Roč. 59, č. 8 (2004), s. 29
|x 1335-7883
|
| 852 |
|
|
|a PPPKCL
|b KIS3GCP
|
| 999 |
|
|
|c 3340652
|d 3342582
|